| 000 | 00388nam a2200169Ia 4500 | ||
|---|---|---|---|
| 005 | 20250423100259.0 | ||
| 008 | 250422s9999 xx 000 0 und d | ||
| 020 | _a0- 671- 87318- 0 | ||
| 050 | _aPS 3563 .I41373 M9/ | ||
| 100 | _aMiller, Linda Lael | ||
| 245 | 0 | _aMy outlaw | |
| 260 | _aNew York | ||
| 260 | _bPocket Star Books | ||
| 260 | _c1997 | ||
| 300 | _a307 p | ||
| 942 | _cBK | ||
| 999 |
_c32826 _d32826 |
||